Départements ayant la même initiale que leur chef-lieu - Statistiques

Statistiques générales
  • Ce quiz a été pris 4 225 fois
    3 874 depuis la dernière actualisation
  • Le résultat moyen est 4 sur 9
Statistiques - réponses
Réponse % Correct
Paris
85%
Calvados
56%
Moselle
51%
Eure
47%
Nièvre
47%
Pyrénées-Atlantiques
43%
Pyrénées-Orientales
42%
Essonne
32%
Mayotte
29%
Aucun quiz correspondant
Distribution des résultats
% des personnes avec chaque résultat
Percentile par nombre de réponses
Votre historique - résultats
Vous n’avez pas pris ce quiz depuis la dernière actualisation